Educación y pedagogía : Aportes de maestros y maestras de Bogotá

Gespeichert in:
Bibliographische Detailangaben
Körperschaft: Instituto para la Investigación Educativa y Desarrollo Pedagógico, IDEP
Weitere Verfasser: Beltrán Castellanos, Andrés Santiago, Beltrán Castellanos, Mirla, Quevedo Castrellón, Claudia Aracelly, Cárdenas Forero, Marco Tulio, Cárdenas Forero, Oscar Leonardo, Chávez Wong, Jeimy Liliana, Hernández Rincón, Marleny, García Marín, Nair Lorena, Guzmán Murillo, Yanneth, Delgado Santamaría, Orfi Yineth
Format: Buch
Sprache:Spanish
Veröffentlicht: Bogotá: Instituto para la Investigación Educativa y el Desarrollo Pedagógico IDEP, Subdirección imprenta distrital, 2016.
Schriftenreihe:Serie Investigación IDEP
Schlagworte:
Online Zugang:Para acceder al PDF haga clic aquí
Tags: Tag hinzufügen
Keine Tags, Fügen Sie den ersten Tag hinzu!

MARC

LEADER 00000nam a22000007a 4500
003 OSt
005 20251026064438.0
008 170912b2016 ck ||||| |||| 00| 0 spa d
999 |c 5447  |d 5447 
020 |a 9789588780498 
040 |c CNA-IDEP 
082 |a 371.1  |b E244 
110 2 |a Instituto para la Investigación Educativa y Desarrollo Pedagógico, IDEP  |9 17 
245 1 0 |a Educación y pedagogía :   |b Aportes de maestros y maestras de Bogotá   |c Instituto para la Investigación Educativa y el Desarrollo Pedagógico IDEP; Andres Santiago Beltrán Castellanos...[et al.]: Compiladores. 
260 |a Bogotá:  |b Instituto para la Investigación Educativa y el Desarrollo Pedagógico IDEP,  |b Subdirección imprenta distrital,  |c 2016. 
300 |a 348 p.:  |b ilustraciones; 
440 |9 3413  |a Serie Investigación IDEP 
504 |a Contiene referencias bibliográficas. 
650 1 0 |9 93  |a Pedagogía 
650 0 |9 991  |a Educación. 
650 0 |9 1664  |a Maestros. 
650 0 |9 2207  |a Educación preescolar  |x Investigación 
650 0 |9 1545  |a Escritura. 
651 1 0 |9 4441  |a Bogotá (Colombia). 
700 1 |9 4442  |a Beltrán Castellanos, Andrés Santiago. 
700 1 |9 4443  |a Beltrán Castellanos, Mirla 
700 1 |9 4444  |a Quevedo Castrellón, Claudia Aracelly 
700 1 |9 4445  |a Cárdenas Forero, Marco Tulio 
700 1 |9 4446  |a Cárdenas Forero, Oscar Leonardo 
700 1 |9 4447  |a Chávez Wong, Jeimy Liliana 
700 1 |9 4448  |a Hernández Rincón, Marleny 
700 1 |9 4449  |a García Marín, Nair Lorena 
700 1 |9 4450  |a Guzmán Murillo, Yanneth 
700 1 |9 4451  |a Delgado Santamaría, Orfi Yineth 
856 |u http://biblioteca.idep.edu.co/libros/Educacion_y_Pedagogia_Aportes_Maestros.pdf  |y Para acceder al PDF haga clic aquí  
942 |2 ddc  |c BK